Iusta poetica zelebrada por la Vniuersidad de Alcala Colegio Mayor de S. Ilefonso en el nacimiento del principe de las Españas ... / (Record no. 156129)
[ view plain ]
| 000 -LEADER | |
|---|---|
| campo de control de longitud fija | 01430nam a2200253 i 4500 |
| 001 - NÚMERO DE CONTROL | |
| campo de control | 156129 |
| 003 - IDENTIFICADOR DE NÚMERO DE CONTROL | |
| campo de control | ES-MaACL |
| 005 - FECHA Y HORA DE LA ÚLTIMA TRANSACCIÓN | |
| campo de control | 20250725232724.0 |
| 008 - DATOS DE LONGITUD FIJA--INFORMACIÓN GENERAL | |
| campo de control de longitud fija | 931025s1658 sp |||| | spa d |
| 245 00 - MENCIÓN DEL TÍTULO | |
| Título | Iusta poetica zelebrada por la Vniuersidad de Alcala Colegio Mayor de S. Ilefonso en el nacimiento del principe de las Españas ... / |
| Mención de responsabilidad, etc. | publicala el Dotor Francisco Ignacio de Porres... |
| 260 ## - PUBLICACIÓN, DISTRIBUCIÓN, ETC. | |
| Lugar de publicación, distribución, etc. | Inpresa en Alcala : |
| Nombre del editor, distribuidor, etc. | por Maria Fernandez, |
| Fecha de publicación, distribución, etc. | 1658. |
| 300 ## - DESCRIPCIÓN FÍSICA | |
| Extensión | [16], 484 p., [1] h. de grab. pleg. ; |
| Dimensiones | 4º. |
| 530 ## - NOTA DISPONIBLE DE FORMULARIO FÍSICO ADICIONAL | |
| Nota de formato físico adicional disponible | Disponible en formato digital. |
| 594 ## - Nota al título y mención de responsabilidad | |
| Nota al título y mención de responsabilidad | Tit. en antep.: "Aclamación de las musas al nacimiento del principe de las Españas nuestro señor" |
| 597 ## - NOTA DE DESCRIPCIÓN FÍSICA | |
| NOTA DE DESCRIPCIÓN FÍSICA | Sign.: Sign.: ¶8, A-Z8, Aa-Gg8, Hh². |
| 597 ## - NOTA DE DESCRIPCIÓN FÍSICA | |
| NOTA DE DESCRIPCIÓN FÍSICA | Esc. real xil. en p. 108. |
| 599 ## - NOTA A LAS ILUSTRACIONES | |
| NOTA A LAS ILUSTRACIONES | Las p. 39-40 son h. de grab. calc. pleg.: "Marcus de Orozco delineavit et sculpsit" |
| 650 #4 - PUNTO DE ACCESO ADICIONAL DE MATERIA--TÉRMINO DE MATERIA | |
| Término de materia o nombre geográfico como elemento de entrada | Poesías españolas- |
| Subdivisión cronológica | S.XVI-XVII |
| 9 (RLIN) | 16219 |
| 650 #4 - PUNTO DE ACCESO ADICIONAL DE MATERIA--TÉRMINO DE MATERIA | |
| Término de materia o nombre geográfico como elemento de entrada | Justas poéticas- |
| Subdivisión geográfica | España- |
| Subdivisión cronológica | S.XVII. |
| 9 (RLIN) | 158620 |
| 700 1# - ENTRADA AGREGADA--NOMBRE PERSONAL | |
| Nombre de persona | Porres, Francisco Ignacio de. |
| 9 (RLIN) | 131287 |
| 852 ## - LOCALIZACIÓN | |
| Ubicación | ES-MaACL |
| Número de control de estantería | R-840 |
| Nota libre | -- Enc. hol., con cortes dorados |
| -- | -- Ex-libris del Conde de Ezpeleta |
| condición física | -- Falto de la h. de grab. pleg., las p. 39-40 en blanco; falto de antep. |
| Encuadernación | -- Edic: T597: Port. con esc. real xil. |
| -- | Olim: G-754 |
| 856 ## - LOCALIZACIÓN Y ACCESO ELECTRÓNICOS | |
| Identificador Uniforme de Recursos | <a href="http://bdh-rd.bne.es/viewer.vm?id=0000112761&page=1 ">http://bdh-rd.bne.es/viewer.vm?id=0000112761&page=1 </a> |
| Nota pública | Biblioteca Digital Hispánica |
| Estatus retirado | Estado de pérdida | Estado de daño | No para préstamo | Colección | Biblioteca de origen | Biblioteca actual | Ubicación en estantería | Fecha de adquisición | Fuente de adquisición | Total de préstamos | Signatura topográfica completa | Código de barras | Visto por última vez | Precio de reemplazo | Tipo de ítem Koha |
|---|---|---|---|---|---|---|---|---|---|---|---|---|---|---|---|
| Colección digital | Biblioteca del Ateneo de Madrid | Biblioteca del Ateneo de Madrid | Depósito | 17/01/2008 | R-840 | 1163338 | 23/02/2023 | 23/02/2023 | Libro impreso antiguo |
